000 00643 a2200253 4500
001 108402
020 _a9781554532797 (trade)
041 _aeng
082 _aP Year 3 [E]
300 _a[32] p.
697 _aImagination
697 _aGrandfathers
697 _aGardens
697 _aGardens - Fiction.
697 _aGrandfathers - Fiction.
697 _aImagination - Fiction.
856 _u000002/00000240.jpg
040 _aBR-BrIDEA
_cBR-BrIDEA
090 _aP Year 3 [E]
_bLAR
100 _aLarsen, Andrew
_d1960
245 1 0 _aThe imaginary garden
_c Andrew Larsen
260 _a[s.l.]
_bKids Can Press
_c2009
942 _cBK
999 _c108402
_d108402